01229cam a2200289 a 450000100100000000500170001000800410002702000180006802000150008604000250010108200210012610000340014724500830018126000440026430000350030849000510034350000210039450400340041565000760044965000640052565000660058965000540065583000570070991000340076695201240080099900150092400000235020200929150204.0070129s2008 nyua b 001 0 eng  a9780415771160 a0415771161 aDO-SdBNPbspacBNPHU a338.95195bH251e1 aHanson, E. Mark,d1946-9746510aEconomic development, education and transnational corporations /cMark Hanson. aLondon ;aNew York :bRoutledge,c2008. axviii, 157 p. :bil. ;c24 cm.1 aRoutledge studies in development economicsv61 aIncluye índice aBibliografía: p. [146]-151. 0aEconomic developmentxEffect of education onzKorea (South{Rpara}97466 0aEconomic developmentxEffect of education onzMexico.97467 0aInternational business enterpriseszKorea (South{Rpara}97468 0aInternational business enterpriseszMexico.97469 0aRoutledge studies in development economicsv6197470 aCatalogación por copia / LC 001052708MOaGRbGRcCTd2009-07-09iLF1l0o338.95195 H251ep2350-10r2020-06-25w2020-06-25y2ZPréstamo interno c2192d2192